| 000 | 00395pab a2200133 454500 | ||
|---|---|---|---|
| 008 | 180718b1986 xxu||||| |||| 00| 0 eng d | ||
| 245 |
_aSpecial issue on public management forum _bGuidelines for government business enterprises |
||
| 260 | _c1986 | ||
| 300 | _a284-343 | ||
| 362 | _aDec. | ||
| 650 | _aGovernment Enterprise | ||
| 773 | _aAustralian Journal of Public Administration | ||
| 909 | _a9195 | ||
| 999 |
_c9195 _d9195 |
||